Statistics for 1984 McDonald's Menu

Click here to take the quiz!

General Stats

  • This quiz has been taken 212 times
    (204 since last reset)
  • The average score is 9 of 53

Answer Stats

Type of ItemPrice of ItemItem% Correct
Sandwich$1.35Big Mac
91%
Sandwich$0.65Cheeseburger
77%
Sandwich$0.55Hamburger
68%
Sandwich$1.25Quarter Pounder
58%
Dessert$0.30Cone (soft serve)
39%
Sandwich$0.95Filet-o-Fish
39%
Breakfast$0.45English Muffin with Jam
38%
Side$0.55French Fries (small)
34%
Side$0.75French Fries (large)
32%
Beverage$0.45Lowfat Milk 2%
32%
Beverage$0.70Coca-Cola (large)
29%
Breakfast$0.69Hot Cakes
28%
Beverage$0.50Coca-Cola (small)
28%
Beverage$0.60Coca-Cola (medium)
27%
Breakfast$1.15Egg McMuffin
23%
Beverage$0.45Florida Orange Juice
17%
Beverage$0.35Coffee (small)
17%
Sandwich$1.40Quarter Pounder with Cheese
17%
Beverage$0.45Coffee (large)
16%
Beverage$0.35Hot Tea
13%
Beverage$0.70Orange (large)
12%
Beverage$0.60Orange (medium)
11%
Breakfast$0.45Hash Browns
11%
Beverage$0.75Shake (chocolate)
11%
Beverage$0.70Root Beer (large)
11%
Beverage$0.50Orange (small)
11%
Beverage$0.75Shake (strawberry)
11%
Beverage$0.50Root Beer (small)
11%
Breakfast$0.89Sausage McMuffin
11%
Beverage$0.75Shake (vanilla)
11%
Beverage$0.60Root Beer (medium)
10%
Beverage$0.70Diet Coke (large)
8%
Dessert$0.60Sundae (hot fudge)
8%
Beverage$0.60Diet Coke (medium)
7%
Beverage$0.50Diet Coke (small)
7%
Dessert$0.60Sundae (hot caramel)
6%
Dessert$0.45Hot Pie (apple)
6%
Dessert$0.45Chocolaty Chip Cookies
5%
Dessert$0.60Sundae (strawberry)
5%
Dessert$0.45Hot Pie (cherry)
3%
Dessert$0.35McDonaldland Cookies
3%
Breakfast$0.65Danish
2%
Breakfast$0.69Hot Cakes & Sausage
2%
Food$1.30Chicken McNuggets (4 pieces)
2%
Beverage$0.70Iced Tea (large)
2%
Beverage$0.60Iced Tea (small)
2%
Food$1.90Chicken McNuggets (6 pieces)
2%
Present$0.50Gift Certificate
2%
Breakfast$1.15Sausage McMuffin with Egg
1%
Beverage$0.35Sanka
1%
Food$3.90Chicken McNuggets (20 pieces)
1%
Breakfast$1.65Scrambled Eggs with Sausage, Hash Browns and English Muffin
0%
Breakfast$0.79Scrambled Eggs & English Muffin
0%

Score Distribution

Percentile by Number Answered

Percent of People with Each Score

Your Score History

You have not taken this quiz since the last reset